000
00321nam a22001337a 4500
020
_a
9789350562338
082
_a
630.68
_b
PAR/AG
100
_a
Parameshwar, Hegde
_9
368
245
_a
Agribusiness Management
250
_a
1
260
_a
New Delhi
_b
Discovery Publishing House Pvt Ltd
_c
2013
300
_a
192
942
_c
BK
999
_c
14276
_d
14276